000 00573nam a22002057a 4500
003 OSt
008 260625b |||||||| |||| 00| 0 eng d
020 _a9788176487481
082 _a677.0287
_bR24T
100 _aJewel, Raul
245 _aTextile Testing
_cJewel, Raul
260 _aNew Delhi
_bAPH Publishing Corporation
_c2023
300 _axiv. 266p.
365 _e 1995.00, INR
650 _aTextile fabrics $x Testing.
650 _aTextile fibers $x Testing.
650 _aYarn $x Testing.
650 _aTextile industry $x Quality control.
942 _cBK
_2ddc
999 _c52304
_d52304